LEADER 01540nas 2200517-- 450 001 9910424860503321 005 20260218112620.0 011 $a2703-9749 035 $a(CKB)110978977122862 035 $a(CONSER)---50028630- 035 $a(DE-599)3115285-5 035 $a(EXLCZ)99110978977122862 100 $a20750907b19472021 --- b 101 0 $anor 181 $ctxt$2rdacontent 182 $cc$2rdamedia 183 $acr$2rdacarrier 200 00$aVinduet 210 $a[Oslo]$c[Gyldendal norsk forlag]$d-[2021] 215 $a1 online resource 300 $a"Gyldendals tidsskrift for litteratur." 300 $aSome issues accompanied by music CD. 300 $aEditor: Aug. 1947- N. Stang. 311 08$aPrint version: Vinduet. 0042-6288 (DLC) 50028630 (OCoLC)1607120 517 3 $aGyldendals tidsskrift for litteratur 531 $aVINDUET GYLDENDALS LITERARY MAGAZINE 531 0 $aVinduet 606 $aLiterature$vPeriodicals 606 $aLiterature$2fast$3(OCoLC)fst00999953 606 $aLetterkunde$2gtt 606 $aNoors$2gtt 608 $aperiodicals.$2aat 608 $aPeriodicals.$2fast 608 $aPeriodicals.$2lcgft 615 0$aLiterature 615 7$aLiterature. 615 17$aLetterkunde. 615 17$aNoors. 676 $a808.8 701 $aStang$b Nicolay$f1908-1971$01423871 712 02$aGyldendal norsk forlag. 906 $aJOURNAL 912 $a9910424860503321 920 $aexl_impl conversion 996 $aVinduet$93552561 997 $aUNINA